MANUAL OF OBSTETRICS / (Record no. 795332)

MARC details
000 -LEADER
fixed length control field 00514pam a2200193 a 4500
020 ## - INTERNATIONAL STANDARD BOOK NUMBER
International Standard Book Number 0781725917
Terms of availability 936.00
041 ## - LANGUAGE CODE
Language code of text/sound track or separate title eng
Language code of original NULL
082 ## - DEWEY DECIMAL CLASSIFICATION NUMBER
Classification number 618.2
Item number EVA/NIS
100 ## - MAIN ENTRY--PERSONAL NAME
Personal name EVANS, A .
245 ## - TITLE STATEMENT
Title MANUAL OF OBSTETRICS /
Statement of responsibility, etc. NULL.
Medium Textual Documents
260 ## - PUBLICATION, DISTRIBUTION, ETC.
Place of publication, distribution, etc. NULL :
Name of publisher, distributor, etc. LIPPINCOTT WILLIAMS & WILKINS ,
Date of publication, distribution, etc. 2000.
300 ## - PHYSICAL DESCRIPTION
Extent 540 :
Other physical details xii ;
Dimensions NULL .
365 ## - TRADE PRICE
Price type code 936.00
Price note 3
650 ## - SUBJECT ADDED ENTRY--TOPICAL TERM
Topical term or geographic name entry element OBST.GYNE
700 ## - ADDED ENTRY--PERSONAL NAME
Personal name NISWANDER, K .
907 ## - LOCAL DATA ELEMENT G, LDG (RLIN)
a 2682
-- 2683
-- 2684
930 ## - EQUIVALENCE OR CROSS-REFERENCE-UNIFORM TITLE HEADING [LOCAL, CANADA]
Uniform title 796
Holdings
Withdrawn status Lost status Damaged status Not for loan Home library Current library Date acquired Cost, normal purchase price Total Checkouts Full call number Barcode Date last seen Copy number Price effective from Koha item type Date due Date last checked out
        Medical College & Hospital, Sangli Medical College & Hospital, Sangli 28/11/2011 936.00   618.2 EVA/NIS MCS-2684 26/07/2023 4 26/07/2023 Book    
        Medical College & Hospital, Sangli Medical College & Hospital, Sangli 28/11/2011 936.00 1 618.2 EVA/NIS MCS-2683 06/10/2023 3 26/07/2023 Book 01/10/2043 06/10/2023
        Medical College & Hospital, Sangli Medical College & Hospital, Sangli 28/11/2011 936.00   618.2 EVA/NIS MCS-2682 26/07/2023 2 26/07/2023 Book    
        Medical College & Hospital, Sangli Medical College & Hospital, Sangli 28/11/2011 936.00   618.2 EVA/NIS MCS-2681 26/07/2023 1 26/07/2023 Book